[Event "Corsica rap op"]
[Site "Corsica"]
[Date "1997.??.??"]
[Round "5"]
[White "Mancini, Mario"]
[Black "Bacrot, Etienne"]
[Result "0-1"]
[WhiteElo "2135"]
[BlackElo "2545"]

1.d4 Nf6 2.Nf3 g6 3.Bg5 Bg7 4.Nbd2 d5 5.e3 O-O 6.Be2 c5 7.O-O cxd4 8.exd4 Nc6
9.c3 Bf5 10.Re1 Ne4 11.Nxe4 dxe4 12.Nd2 h6 13.Be3 e5 14.dxe5 Nxe5 15.g4 Be6
16.Nxe4 Qxd1 17.Raxd1 Bxa2 18.f4 Nc6 19.Rd7 b6 20.Bb5 Na5 21.f5 Rfd8 22.f6 Bf8
23.Red1 Rxd7 24.Bxd7 Bb3 25.Ra1 Bd5 26.Nd2 Rd8 27.Bb5 Rd6 28.Bd4 Bc6 29.Be2 Re6
30.Bf3 Bxf3 31.Nxf3 Nc6 32.b4 Bd6 33.Ra2 Bb8 34.Rf2 b5 35.Kg2 a6 36.h4 Bf4
37.g5 Rd6 38.Re2 Rd8 39.Bc5 hxg5 40.hxg5 Kh7 41.Kh3 Rd3 42.Kg4 Bc1 43.Bf8 Re3
44.Rh2+ Kg8 45.Bg7 Re4+ 46.Kh3 Ne5 47.Nxe5 Rxe5 48.Kg4 Rxg5+  0-1

[Event "Corsica rap op"]
[Site "Corsica"]
[Date "1997.??.??"]
[Round "6"]
[White "Bacrot, Etienne"]
[Black "Aleksieva, Silvia"]
[Result "1-0"]
[WhiteElo "2545"]
[BlackElo "2350"]

1.d4 Nf6 2.g3 g6 3.Bg2 Bg7 4.e4 d6 5.Ne2 Nc6 6.O-O e5 7.dxe5 dxe5 8.Qxd8+ Nxd8
9.b3 O-O 10.Nbc3 c6 11.Bb2 b6 12.Rfd1 Ba6 13.Nc1 Ne6 14.Nd3 Bxd3 15.Rxd3 Nd4
16.Rc1 Rfd8 17.Kf1 Rd7 18.Ne2 c5 19.Nxd4 cxd4 20.c3 dxc3 21.Rdxc3 Ne8 22.Rc8 Rd8
23.Rxa8 Rxa8 24.a4 Rd8 25.Ke2 f6 26.Bh3 Kf7 27.Rc6 Bf8 28.Be6+ Kg7 29.Bd5 Bd6
30.Bc3 Nc7 31.Bc4 Kf8 32.f4 Ke7 33.fxe5 fxe5 34.b4 Kd7 35.b5 Re8 36.a5 Bc5
37.Rxc5 bxc5 38.b6 axb6 39.axb6 Kc6 40.bxc7 Kxc7 41.Bf7 Re7 42.Bd5 Kd6 43.Bd2 Ra7
44.Bh6 Ke7 45.Bg7 Ra1 46.Bxe5 Rh1 47.h4 h6 48.Bf4 g5 49.hxg5 hxg5 50.Bxg5+ Kd6
51.Bf4+ Ke7 52.e5 Ra1 53.Bg5+ Kf8 54.e6 Ra6 55.Kd3 Ke8 56.Kc4 Kf8 57.Kb5 Ra7
58.Kxc5 Rc7+ 59.Kd6 Rc8 60.Kd7 Rb8 61.Bd8  1-0

[Event "Corsica rap op"]
[Site "Corsica"]
[Date "1997.??.??"]
[Round "7"]
[White "Legky, Nikolay A"]
[Black "Bacrot, Etienne"]
[Result "0-1"]
[WhiteElo "2490"]
[BlackElo "2545"]

1.d4 Nf6 2.Nf3 d5 3.c4 c6 4.Nc3 e6 5.Bg5 h6 6.Bxf6 Qxf6 7.Qc2 Nd7 8.e4 dxe4
9.Qxe4 g6 10.Qe3 Qe7 11.c5 Bg7 12.Ne4 O-O 13.Bc4 b6 14.Rd1 a5 15.O-O Ba6
16.Bxa6 Rxa6 17.Nd6 bxc5 18.dxc5 Raa8 19.Nd4 Nxc5 20.Nxc6 Qg5 21.f4 Qh5 22.f5 Na4
23.f6 Bxf6 24.Ne4 Bg7 25.b3 Nb2 26.Rd2 a4 27.Nf6+ Bxf6 28.Rxf6 axb3 29.axb3 Ra1+
30.Rf1 Rxf1+ 31.Kxf1 Qb5+ 32.Kg1 Qxc6 33.Rxb2 Rd8 34.Rb1 h5 35.b4 Qc2 36.Qc1 Qxc1+
37.Rxc1 Rd5 38.Rb1 Rb5 39.Kf2 Kf8 40.Ke3 Ke7 41.Kd4 Kd6 42.Kc4 Kc6 43.Ra1 Rf5
44.Ra6+ Kb7 45.Ra2 Kb6 46.g3 h4 47.Rd2 h3 48.Rd6+ Kc7 49.Rd2 Kc6 50.Ra2 Kb6
51.Rd2 Rf1 52.Rd6+ Kc7 53.Rd2 Rg1 54.Rf2 f5 55.Re2 Kd6 56.Rd2+ Ke7 57.b5 Rg2
58.Rd1 Rxh2 59.b6 Rb2 60.Kc5 g5 61.Kc6 g4 62.Rd7+ Kf6 63.Rh7 Ke5 64.b7 Ke4
65.Rh8 Kf3 66.b8=Q Rxb8 67.Rxb8 h2 68.Rb1 Kg2  0-1

[Event "Corsica rap op"]
[Site "Corsica"]
[Date "1997.??.??"]
[Round "9"]
[White "Santo Roman, Marc"]
[Black "Bacrot, Etienne"]
[Result "1/2-1/2"]
[WhiteElo "2385"]
[BlackElo "2545"]

1.e4 c5 2.Nf3 e6 3.d4 cxd4 4.Nxd4 Nc6 5.Nb5 d6 6.c4 Nf6 7.N5c3 Be7 8.Be2 O-O
9.O-O a6 10.Bf4 b6 11.Re1 Bb7 12.Nd2 Rc8 13.Rc1 Ne5 14.Bg3 Ng6 15.a3 Bc6
16.b4 Qd7 17.f3 Qb7 18.Nb3 Rfd8 19.Bf1 Be8 20.Nd4 Ne5 21.Qb3 Rc7 22.Bf2 Rdc8
23.Nd1 b5 24.Nb2 Nfd7 25.Be3 bxc4 26.Nxc4 Nxc4 27.Rxc4 Rxc4 28.Bxc4 Nb6 29.Bf1 Bf6
30.Bf2 Bxd4 31.Bxd4 Bb5 32.Qe3 Bxf1 33.Rxf1 Nc4 34.Qd3 f6 35.Rc1 Qb5 36.Bf2 Kf7
37.Qd4 Kg6 38.h3 Rc6 39.Rc3 Ne5 40.Rxc6 Qxc6 41.a4 Qxa4 42.Qxd6 Qa1+ 43.Kh2 Qa2
44.Kg1 Qb1+ 45.Kh2 Qc2 46.Kg1 Nd3 47.Bc5 Qc1+ 48.Kh2 Qc4 49.Qg3+ Kf7 50.Qc7+ Kg6  1/2-1/2

[Event "FRA-chT9697 groupe B"]
[Site "France"]
[Date "1997.??.??"]
[Round "4"]
[White "Karr, Jean Philipp"]
[Black "Bacrot, Etienne"]
[Result "0-1"]
[WhiteElo "2335"]
[BlackElo "2500"]

1.d4 d5 2.c4 c6 3.e3 Nf6 4.Nc3 e6 5.b3 Nbd7 6.Bb2 Bd6 7.Nf3 O-O 8.Be2 Ne4
9.Nxe4 dxe4 10.Nd2 f5 11.O-O c5 12.dxc5 Bxc5 13.a3 a5 14.b4 axb4 15.Nb3 bxa3
16.Nxc5 Nxc5 17.Bxa3 Qc7 18.Bb2 Bd7 19.Rxa8 Rxa8 20.Qd4 Ba4 21.f3 Rd8 22.Qc3 exf3
23.gxf3 Rd7 24.Kh1 Bc6 25.Qb4 Nd3 26.Bxd3 Rxd3 27.Bd4 g5 28.Kg1 Qd8 29.Qc5 Qc7
30.Ra1 Kf7 31.Ra8 Rd1+ 32.Kg2 e5 33.Qf8+ Kg6 34.Qg8+ Kh5 35.Bxe5 Rd2+ 36.Kg1 Qd7
37.Bd4 Bxf3 38.Rd8 Qc7 39.Be5 Rxd8  0-1

[Event "Linz"]
[Site "Linz"]
[Date "1997.??.??"]
[Round "8"]
[White "Lanka, Zigurds"]
[Black "Bacrot, Etienne"]
[Result "0-1"]
[WhiteElo "2575"]
[BlackElo "2500"]

1.e4 d5 2.exd5 Qxd5 3.Nc3 Qa5 4.d4 Nf6 5.Bd2 Bg4 6.f3 Bf5 7.g4 Bg6 8.f4 e6
9.Bg2 Qa6 10.g5 Nfd7 11.d5 Bd6 12.Qe2 Qxe2+ 13.Ngxe2 exd5 14.Nxd5 Nc6 15.O-O-O O-O-O
16.Bc3 Bh5 17.Rde1 Nb6 18.Nxb6+ axb6 19.Rhf1 Rhe8 20.Ng3 Rxe1+ 21.Rxe1 Bxf4+
22.Kb1 Bg6 23.Ne4 Bxh2 24.Bxg7 Kb8 25.b3 Re8 26.Bc3 Bf4 27.a4 Re6 28.Bf3 Ne7
29.Kb2 Nd5 30.Re2 Ne3 31.Nf2 Bxg5 32.Bd4 Nxc2 33.Rxc2 Bxc2 34.Kxc2 Bf6 35.Bd5 Bxd4
36.Bxe6 fxe6 37.Nh3 e5 38.Kd3 h6  0-1

[Event "Pamplona 9798"]
[Site "Pamplona"]
[Date "1997.??.??"]
[Round "1"]
[White "Bacrot, Etienne"]
[Black "Illescas Cordoba, Miguel"]
[Result "1/2-1/2"]
[WhiteElo "2545"]
[BlackElo "2585"]

1.d4 Nf6 2.Nf3 g6 3.c4 Bg7 4.Nc3 d5 5.cxd5 Nxd5 6.e4 Nxc3 7.bxc3 c5 8.Rb1 O-O
9.Be2 cxd4 10.cxd4 Qa5+ 11.Bd2 Qxa2 12.O-O Bg4 13.Be3 Nc6 14.d5 Bxf3 15.Bxf3 Ne5
16.Rxb7 a5 17.Rxe7 a4 18.Bd4 Nxf3+ 19.gxf3 Bxd4 20.Qxd4 a3 21.Kg2 Qb2 22.Qxb2 axb2
23.Rb1 Rfb8 24.d6 Kf8 25.Rc7 Ra1 26.Rxb2 Rxb2 27.Rc8+ Kg7 28.d7 Rd2 29.d8=Q Rxd8
30.Rxd8 Re1 31.Rd3 f5 32.Rd7+ Kh6 33.Re7 Kg5 34.Rxh7 fxe4 35.h4+ Kf6 36.Rc7 exf3+
37.Kxf3 Ra1 38.Kg4 Ra4+ 39.f4 Ra6  1/2-1/2

[Event "Pamplona 9798"]
[Site "Pamplona"]
[Date "1998.01.04"]
[Round "8"]
[White "Bacrot, Etienne"]
[Black "Magem Badals, Jorge"]
[Result "1-0"]
[WhiteElo "2545"]
[BlackElo "2550"]

1.d4 d5 2.Nf3 Nf6 3.c4 dxc4 4.Nc3 e6 5.e4 Bb4 6.Bg5 c5 7.Bxc4 cxd4 8.Nxd4 Bxc3+
9.bxc3 Qa5 10.Nb5 O-O 11.Bxf6 gxf6 12.Qg4+ Kh8 13.Rd1 Nd7 14.Qh4 Qd8 15.Nd6 Qe7
16.f4 Rg8 17.O-O Nb6 18.Rf3 Nxc4 19.Rh3 Rg7 20.e5 Nxd6 21.exf6  1-0

[Event "FRA-chT"]
[Site "FRA"]
[Date "1998.02.06"]
[Round "1"]
[White "Bacrot, Etienne"]
[Black "Lazarev, Vladimir"]
[Result "1/2-1/2"]
[WhiteElo "2565"]
[BlackElo "2490"]

1.d4 d5 2.Nf3 e6 3.c4 dxc4 4.e4 b5 5.a4 Bb7 6.axb5 Bxe4 7.Bxc4 Nf6 8.Nc3 Bb7
9.O-O Be7 10.Re1 O-O 11.Ne5 Kh8 12.Qe2 Qxd4 13.Nxf7+ Rxf7 14.Qxe6 Nbd7 15.Qxf7 Bd6
16.Ra4 Bxh2+ 17.Kxh2 Rf8 18.Bd5 Qxf2 19.Re2 Qf1 20.Qe7 Bxd5 21.Nxd5 Nxd5
22.Qxd7 Nb6 23.Qg4 Nxa4 24.Be3 h6 25.Bxa7 Rf4 26.Re8+ Kh7 27.Qg3 Qxb5 28.Re7 Qh5+
29.Kg1 Qd1+ 30.Kh2 Qh5+  1/2-1/2

[Event "FRA-chT"]
[Site "FRA"]
[Date "1998.04.02"]
[Round "4"]
[White "Legky, Nikolay A"]
[Black "Bacrot, Etienne"]
[Result "0-1"]
[WhiteElo "2480"]
[BlackElo "2565"]

1.d4 Nf6 2.Nf3 e6 3.Bg5 b6 4.e3 h6 5.Bh4 Bb7 6.Nbd2 d6 7.Bd3 g5 8.Bg3 g4
9.Nh4 Rg8 10.h3 Nh5 11.hxg4 Nxg3 12.fxg3 Qg5 13.Kf2 h5 14.Ne4 Bxe4 15.Bxe4 d5
16.Bd3 hxg4 17.Qe2 Bd6 18.Qe1 Nd7 19.Bb5 c5 20.c3 a6 21.Bxd7+ Kxd7 22.Rd1 b5
23.Rf1 f5 24.Kg1 Rg7 25.Rf4 cxd4 26.Rfxd4 Qf6 27.c4 bxc4 28.Rxc4 Qe5 29.Rf4 Rc8
30.Qf2 Rc5 31.b4 Rc3 32.e4 fxe4 33.Qa7+ Rc7 34.Qxa6 Qc3 35.Rxe4 Qxg3 36.Qb5+ Rc6
37.Qb7+ Bc7 38.b5 Qh2+ 39.Kf1 Qh1+ 40.Ke2 Rc2+ 41.Rd2 Qc1 42.Rd4 Rg5 43.Ng6 Rxg6
44.Rxd5+ exd5 45.Qxd5+ Bd6 46.Qf7+ Kd8 47.Qf8+ Kc7 48.b6+ Kxb6 49.Qd8+ Bc7
50.Qd4+ Ka5  0-1

[Event "FRA-chT"]
[Site "FRA"]
[Date "1998.04.03"]
[Round "5"]
[White "Bacrot, Etienne"]
[Black "Kallai, Gabor"]
[Result "0-1"]
[WhiteElo "2565"]
[BlackElo "2470"]

1.d4 d5 2.Nf3 c5 3.dxc5 e6 4.e4 Bxc5 5.Nc3 Qb6 6.Qd2 dxe4 7.Nxe4 Nf6 8.Nxc5 Qxc5
9.b4 Qe7 10.Bb2 O-O 11.O-O-O Nc6 12.a3 Rd8 13.Bd3 a6 14.c4 Bd7 15.Kb1 h6
16.g4 e5 17.Rdg1 Bxg4 18.Qe3 Qd7 19.Bc2 Bf5 20.Nxe5 Bxc2+ 21.Kxc2 Qf5+ 22.Kc1 Nxe5
23.Qxe5 Qxf2 24.Qxf6 Qe3+ 25.Kb1 Rd1+ 26.Rxd1 gxf6 27.Bxf6 Kh7 28.Bb2 Qe4+
29.Ka1 Rd8 30.Rde1 Qxc4 31.h4 Qb3 32.Rhg1 Rg8 33.h5 Rxg1 34.Rxg1 f6 35.Kb1 Qd5
36.Ka1 Qxh5 37.Bxf6 Qe2 38.Bb2 h5 39.Bc3  0-1

[Event "FRA-chT"]
[Site "FRA"]
[Date "1998.04.05"]
[Round "7"]
[White "Bacrot, Etienne"]
[Black "Siegel, Georg"]
[Result "1/2-1/2"]
[WhiteElo "2565"]
[BlackElo "2540"]

1.d4 d5 2.Nf3 Nf6 3.c4 e6 4.Nc3 Be7 5.Bg5 h6 6.Bxf6 Bxf6 7.e3 O-O 8.Rc1 c6
9.Bd3 Nd7 10.O-O dxc4 11.Bxc4 e5 12.h3 exd4 13.exd4 Nb6 14.Bb3 Re8 15.Re1 Rxe1+
16.Qxe1 Bf5 17.g4 Bd3 18.Ne5 Bxe5 19.dxe5 c5 20.Qe3 c4 21.Bd1 Qe7 22.Be2 Bxe2
23.Qxe2 Re8 24.Re1  1/2-1/2

[Event "Capablanca mem 33th Elite"]
[Site "Havana"]
[Date "1998.05.07"]
[Round "1"]
[White "Bacrot, Etienne"]
[Black "Arencibia, Walter"]
[Result "1/2-1/2"]
[WhiteElo "2565"]
[BlackElo "2535"]

1.d4 d5 2.Nf3 e6 3.c4 dxc4 4.e4 b5 5.a4 c6 6.axb5 cxb5 7.b3 Nf6 8.bxc4 Nxe4
9.c5 Bxc5 10.Bxb5+ Bd7 11.Bxd7+ Qxd7 12.dxc5 Qxd1+ 13.Kxd1 Nxf2+ 14.Ke2 Nxh1
15.Bf4 Nc6 16.Bd6 f6 17.Nc3 Kd7 18.Rxh1 e5 19.Rb1 Kc8 20.Kd3 Rd8 21.Kc4 Rd7
22.Kd5 Ne7+ 23.Ke6 Nc6 24.Ra1 Kd8 25.g4 Rc8 26.g5 fxg5 27.Rg1 Ke8 28.Ne4 Rf7
29.Bxe5 Nxe5 30.Kxe5 Kf8 31.Kd5 Rf5+ 32.Ke6 Rf4 33.Kd7 Re8 34.Nexg5 Re7+
35.Kd6 Rf6+ 36.Kd5 Rf5+ 37.Kd6 Rf6+ 38.Kd5 Rf5+ 39.Kd6  1/2-1/2

[Event "Capablanca mem 33th Elite"]
[Site "Havana"]
[Date "1998.05.08"]
[Round "2"]
[White "Vera, Reynaldo"]
[Black "Bacrot, Etienne"]
[Result "1/2-1/2"]
[WhiteElo "2535"]
[BlackElo "2565"]

1.d4 Nf6 2.c4 e6 3.Nc3 Bb4 4.Qc2 O-O 5.a3 Bxc3+ 6.Qxc3 b6 7.Bg5 Bb7 8.e3 d6
9.f3 Nbd7 10.Nh3 Rc8 11.O-O-O c5 12.dxc5 Rxc5 13.Rxd6 Qe7 14.Rd2 Rfc8 15.Kb1 a5
16.Be2 Ba6 17.Rhd1 Bxc4 18.Bxc4 Rxc4 19.Qb3 Qe8 20.e4 R4c6 21.Bxf6 Nxf6 22.Nf4 Qe7
23.e5 Ne8 24.Ne2 Qg5 25.Nd4 Rc5 26.Qxb6 Qxe5 27.g3 h6 28.f4 Qe4+ 29.Ka2 a4
30.Qa6 Ra8 31.Qe2 Qd5+ 32.Kb1 Nf6 33.Nc2 Qb7 34.Rd8+ Rxd8 35.Rxd8+ Kh7 36.Rd4 Qc6
37.Qd1 e5 38.fxe5 Rxe5 39.Nb4 Qe8 40.Qc2+ g6 41.Nd3 Re4  1/2-1/2

[Event "FRA-chT"]
[Site "FRA"]
[Date "1998.05.09"]
[Round "9"]
[White "Bacrot, Etienne"]
[Black "Flear, Glenn C"]
[Result "1-0"]
[WhiteElo "2565"]
[BlackElo "2445"]

1.d4 d5 2.Nf3 Nf6 3.c4 dxc4 4.Nc3 a6 5.e4 b5 6.e5 Nd5 7.a4 Nxc3 8.bxc3 Qd5
9.g3 Bb7 10.Bg2 Qd7 11.Ba3 g6 12.O-O Bg7 13.Re1 Bd5 14.Ng5 Nc6 15.e6 fxe6
16.Bxd5 Qxd5 17.Nxe6 Kf7 18.Nxc7 Qf5 19.Nxa8 Rxa8 20.axb5 axb5 21.Bc5 Rd8
22.Qb1 Qxb1 23.Rexb1 e5 24.Ra6 Nxd4 25.cxd4 exd4 26.Rxb5 d3 27.Rd6 Rxd6 28.Bxd6 Ke6
29.Bf4 c3 30.Kf1 Bd4 31.f3 Bh8 32.Be3 Be5 33.f4 Bh8 34.g4 Kd6 35.Rb8  1-0

[Event "Capablanca mem 33th Elite"]
[Site "Havana"]
[Date "1998.05.10"]
[Round "3"]
[White "Bacrot, Etienne"]
[Black "Zilberman, Yaacov"]
[Result "0-1"]
[WhiteElo "2565"]
[BlackElo "2555"]

1.d4 d5 2.Nf3 Nf6 3.c4 dxc4 4.Nc3 a6 5.e4 b5 6.e5 Nd5 7.a4 e6 8.axb5 Nb6
9.Be2 Bb7 10.bxa6 Rxa6 11.Rxa6 Nxa6 12.O-O Be7 13.Bxc4 Nxc4 14.Qa4+ Qd7 15.Qxc4 Nb4
16.Rd1 O-O 17.Bg5 Bxf3 18.Bxe7 Qxe7 19.gxf3 Rd8 20.Kf1 h6 21.Ke2 Nd5 22.Nxd5 Rxd5
23.Rd3 Qd8 24.b4 Qb8 25.Ra3 c5 26.dxc5 Qxe5+ 27.Re3 Qb2+ 28.Kf1 Rd4 29.Qb5 Rd2
30.Re2 Qb1+ 31.Re1 Qc2 32.Qb8+ Kh7 33.Qf4 Rxf2+ 34.Kg1 Rg2+ 35.Kh1 Qf2 36.Qe4+ Rg6  0-1

[Event "Capablanca mem 33th Elite"]
[Site "Havana"]
[Date "1998.05.19"]
[Round "9"]
[White "Bacrot, Etienne"]
[Black "Borges Mateos, Juan"]
[Result "1/2-1/2"]
[WhiteElo "2565"]
[BlackElo "2480"]

1.d4 d6 2.Nf3 f5 3.Nc3 Nf6 4.Bg5 d5 5.Bxf6 exf6 6.e3 c6 7.h4 h5 8.Bd3 Bd6
9.Ne2 Be6 10.c3 Nd7 11.Qc2 g6 12.g3 Bf7 13.a3 b5 14.a4 a6 15.axb5 axb5 16.O-O O-O
17.b3 Nb6 18.Rfb1 Qc7 19.Qc1 Ra7 20.Rxa7 Qxa7 21.Ra1 Qb7 22.Ra2 Ra8 23.Qa1 Rxa2
24.Qxa2 Qa8 25.Qxa8+ Nxa8 26.Kf1 Nb6 27.Ke1 Be7 28.Nd2 Kg7 29.Kd1 Nc8 30.c4 bxc4
31.bxc4 c5 32.cxd5 Nb6 33.Bb5 Nxd5 34.Bc4 cxd4 35.exd4 g5 36.Nf1 f4 37.Nd2 fxg3
38.Nxg3 gxh4 39.Nf5+ Kf8 40.Nxh4 Bb4 41.Kc2 Nf4 42.Bxf7 Bxd2 43.Bxh5  1/2-1/2

[Event "Capablanca mem 33th Elite"]
[Site "Havana"]
[Date "1998.05.22"]
[Round "11"]
[White "Bacrot, Etienne"]
[Black "Morovic Fernandez, Ivan"]
[Result "0-1"]
[WhiteElo "2565"]
[BlackElo "2600"]

1.d4 d5 2.Nf3 Nf6 3.c4 c6 4.Nc3 dxc4 5.a4 Bf5 6.Ne5 Nbd7 7.Nxc4 Qc7 8.g3 e5
9.dxe5 Nxe5 10.Bf4 Nfd7 11.Bg2 f6 12.O-O Be6 13.Nxe5 fxe5 14.Be3 Bc5 15.Bxc5 Nxc5
16.Ne4 Rd8 17.Qb1 Nb3 18.Ra3 h6 19.e3 O-O 20.Qc2 Qf7 21.f4 exf4 22.Rxf4 Qd7
23.Bf3 Nd2 24.Nxd2 Qxd2 25.Qxd2 Rxd2 26.b4 a6 27.b5 axb5 28.Rxf8+ Kxf8 29.axb5 cxb5
30.Ra8+ Ke7 31.Rb8 Rd7 32.Bxb7 Rd8 33.Rxd8 Kxd8 34.Kf2 Kc7 35.Be4 Kd6 36.Ke1 Kc5
37.Kd2 Kb4 38.Bc6 Bc4 39.Kc2 Be6 40.h4 Kc4  0-1

[Event "Albert/Berlin m"]
[Site "Albert/Berlin"]
[Date "1998.06.06"]
[Round "1"]
[White "Huebner, Robert"]
[Black "Bacrot, Etienne"]
[Result "1/2-1/2"]
[WhiteElo "2560"]
[BlackElo "2565"]

1.d4 Nf6 2.c4 g6 3.g3 c6 4.Bg2 d5 5.cxd5 cxd5 6.Nc3 Bg7 7.Nf3 O-O 8.O-O Ne4
9.Nxe4 dxe4 10.Ne5 Qd5 11.b3 Nc6 12.Nxc6 Qxc6 13.Bb2 Rd8 14.Qc1 Qb6 15.Bxe4 Bxd4
16.Bxd4 Rxd4 17.Bg2 Be6 18.Rd1 Rxd1+ 19.Qxd1 Rd8  1/2-1/2

[Event "Albert/Berlin m"]
[Site "Albert/Berlin"]
[Date "1998.06.13"]
[Round "5"]
[White "Huebner, Robert"]
[Black "Bacrot, Etienne"]
[Result "0-1"]
[WhiteElo "2560"]
[BlackElo "2565"]

1.c4 Nf6 2.Nc3 e5 3.Nf3 Nc6 4.g3 g6 5.d4 exd4 6.Nxd4 Bg7 7.Bg2 O-O 8.O-O Re8
9.e3 Rb8 10.Nde2 d6 11.b3 Bf5 12.Bb2 Qc8 13.Qd2 Bh3 14.Bxh3 Qxh3 15.Nf4 Ne5
16.f3 Qd7 17.Rad1 Rbd8 18.e4 c6 19.Kg2 Qc7 20.Rf2 a6 21.Qc2 Qb8 22.a4 h5
23.Ba3 Nh7 24.h4 Nf8 25.Rfd2 c5 26.Bb2 Kh7 27.Ncd5 Ne6 28.Qb1 Rf8 29.Qa1 b5
30.cxb5 axb5 31.a5 Nd4 32.Bxd4 cxd4 33.Rf2 Qa7 34.Nd3 f5 35.Nxe5 dxe5 36.b4 fxe4
37.fxe4 Rxf2+ 38.Kxf2 Qf7+ 39.Kg2 Rxd5 40.exd5 Qxd5+ 41.Kh2 d3 42.a6 e4 43.Qa3 Qf7
44.a7 Qf2+ 45.Kh1 Qf3+ 46.Kh2 Qe2+  0-1

[Event "FRA-ch"]
[Site "Meribel"]
[Date "1998.08.15"]
[Round "2"]
[White "Hauchard, Arnaud"]
[Black "Bacrot, Etienne"]
[Result "1/2-1/2"]
[WhiteElo "2500"]
[BlackElo "2555"]

1.c4 Nf6 2.Nc3 d5 3.cxd5 Nxd5 4.Nf3 g6 5.e4 Nxc3 6.dxc3 Qxd1+ 7.Kxd1 Bg4
8.Be2 Nd7 9.Be3 Bxf3 10.Bxf3 h5 11.Kc2 Bh6 12.Bxh6 Rxh6 13.h4 e5 14.g3 Ke7
15.Bg2 Rhh8 16.Rad1 Rad8 17.Rd2 Nb6 18.Rhd1 Nc4 19.Rd5 c6 20.Rxd8 Rxd8 21.Rxd8 Kxd8
22.Bf1 Nd6 23.Kd3 Ke7 24.Be2 Ke6 25.Bd1 Ke7 26.Be2 c5 27.Bd1 b6 28.Bb3 f6  1/2-1/2

[Event "FRA-ch"]
[Site "Meribel"]
[Date "1998.08.17"]
[Round "4"]
[White "Bacrot, Etienne"]
[Black "Dorfman, Josif D"]
[Result "1/2-1/2"]
[WhiteElo "2555"]
[BlackElo "2585"]

1.d4 Nf6 2.c4 e6 3.Nf3 d5 4.Nc3 Be7 5.Bg5 O-O 6.e3 h6 7.Bxf6 Bxf6 8.Qd2 dxc4
9.Bxc4 Nd7 10.O-O c5 11.Rfd1 cxd4 12.Nxd4 Nb6 13.Be2 Bd7 14.Rac1 Bxd4 15.Qxd4 Bc6  1/2-1/2

[Event "FRA-ch"]
[Site "Meribel"]
[Date "1998.08.22"]
[Round "9"]
[White "Prie, Eric"]
[Black "Bacrot, Etienne"]
[Result "0-1"]
[WhiteElo "2465"]
[BlackElo "2555"]

1.Nf3 d5 2.d4 c6 3.c4 e6 4.Qc2 Nf6 5.Bg5 h6 6.Bxf6 Qxf6 7.a3 Nd7 8.e4 dxe4
9.Qxe4 g6 10.Nc3 Bg7 11.h4 O-O 12.h5 e5 13.d5 Nc5 14.Qe3 Nb3 15.Ne4 Qf4 16.Qxb3 Qxe4+
17.Be2 gxh5 18.Rxh5 cxd5 19.cxd5 Bg4 20.Rh4 h5 21.Rd1 Rad8 22.Ng1 Qxg2 23.Bxg4 hxg4
24.Ne2 Rd6 25.Rd3 Rf6 26.Rg3 Qxf2+ 27.Kd1 Rf3 28.Qc2 Rd8 29.Qh7+ Kf8 30.Rxf3 gxf3
31.Nc3 Qg1+ 32.Kc2 Qg2+ 33.Kb3 f2  0-1

[Event "FRA-ch"]
[Site "Meribel"]
[Date "1998.08.23"]
[Round "10"]
[White "Bacrot, Etienne"]
[Black "Anic, Darko"]
[Result "1-0"]
[WhiteElo "2555"]
[BlackElo "2460"]

1.d4 Nf6 2.c4 c6 3.Nc3 d5 4.Nf3 e6 5.Bg5 h6 6.Bxf6 Qxf6 7.e3 Nd7 8.Bd3 dxc4
9.Bxc4 g6 10.O-O Bg7 11.Rc1 O-O 12.b4 Qe7 13.Qb3 e5 14.b5 exd4 15.exd4 Nb6
16.Rfe1 Qd8 17.bxc6 Nxc4 18.Qxc4 bxc6 19.Ne5 Be6 20.Qxc6 Qxd4 21.Nxg6 Rac8
22.Ne7+ Kh8 23.Nxc8 Rxc8 24.Rxe6 Rxc6 25.Rxc6 Qd2 26.Ne4 Qxa2 27.Nf6 Bxf6
28.Rxf6 Kg7 29.Rf3 a5 30.h3 a4 31.Rcc3 Qb1+ 32.Kh2 Qb8+ 33.g3 Qb4 34.Rc7 Qf8
35.Ra7  1-0

[Event "FRA-ch"]
[Site "Meribel"]
[Date "1998.08.24"]
[Round "11"]
[White "Marciano, David"]
[Black "Bacrot, Etienne"]
[Result "1/2-1/2"]
[WhiteElo "2525"]
[BlackElo "2555"]

1.e4 e5 2.Nf3 Nc6 3.d4 exd4 4.Nxd4 Nf6 5.Nxc6 bxc6 6.e5 Qe7 7.Qe2 Nd5 8.c4 Ba6
9.g3 g6 10.Bg2 Bg7 11.O-O O-O 12.Re1 Nb6 13.b3 Rfe8 14.Bb2 f6 15.e6 Qxe6
16.Qxe6+ Rxe6 17.Rxe6 dxe6 18.Bxc6 Rd8 19.Na3 f5 20.Bxg7  1/2-1/2

[Event "FRA-ch"]
[Site "Meribel"]
[Date "1998.08.25"]
[Round "12"]
[White "Bacrot, Etienne"]
[Black "Fressinet, Laurent"]
[Result "1-0"]
[WhiteElo "2555"]
[BlackElo "2455"]

1.d4 Nf6 2.c4 e6 3.Nf3 d5 4.Nc3 dxc4 5.e4 Bb4 6.Bg5 c5 7.Bxc4 cxd4 8.Nxd4 Qa5
9.Bd2 Qc5 10.Bb5+ Bd7 11.Nb3 Qe7 12.Bd3 Nc6 13.O-O O-O 14.a3 Bd6 15.f4 e5
16.f5 Nd4 17.Bg5 Bc6 18.Nd2 Rfd8 19.Kh1 Bc7 20.Bc4 Qd6 21.Bd5 Rd7 22.Nc4 Qe7
23.Qd3 Bd8 24.Qg3 Nh5 25.Qxe5 Qxe5 26.Nxe5 Bxg5 27.Nxd7 Bxd7 28.Rad1 Bb5
29.Nxb5 Nxb5 30.Bc4 a6 31.a4 Na7 32.Rd7 Nf6 33.Rxb7 Nc6 34.Bxf7+ Kf8 35.Bd5 Nxd5
36.exd5 Ne5 37.h3 Nc4 38.Re1 Rd8 39.b3 Nd2 40.Re6 Rc8 41.Kg1 Rc2 42.Rc6 Be3+
43.Kh1 Nf1 44.h4  1-0

[Event "FRA-ch"]
[Site "Meribel"]
[Date "1998.08.26"]
[Round "13"]
[White "Kouatly, Bachar"]
[Black "Bacrot, Etienne"]
[Result "1-0"]
[WhiteElo "2495"]
[BlackElo "2555"]

1.d4 d5 2.c4 e6 3.Nc3 c6 4.e4 Bb4 5.cxd5 exd5 6.exd5 cxd5 7.Bd3 Nc6 8.Ne2 Bg4
9.O-O Nge7 10.Qb3 Qd7 11.Nf4 Rd8 12.Na4 O-O 13.Nc5 Bxc5 14.dxc5 Rfe8 15.Bd2 Ng6
16.Rfe1 Nge5 17.Bb5 a6 18.Bf1 d4 19.Qg3 f6 20.b4 d3 21.Nxd3 Nxd3 22.Rxe8+ Qxe8
23.Qxg4 Nde5 24.Qf4 Rd4 25.Qe3 Qg6 26.Bc3 Re4 27.Qh3 h5 28.Qc8+ Kh7 29.Qxb7 h4
30.h3 Rf4 31.Bxe5 Nxe5 32.c6 Qc2 33.c7 Qxf2+ 34.Kh1 Qd4 35.Rc1  1-0

[Event "Elista ol (Men)"]
[Site "Elista"]
[Date "1998.10.03"]
[Round "5"]
[White "Bacrot, Etienne"]
[Black "Savchenko, Stanislav"]
[Result "1-0"]
[WhiteElo "2555"]
[BlackElo "2555"]

1.d4 d5 2.c4 c6 3.Nc3 Nf6 4.Nf3 e6 5.Bg5 h6 6.Bxf6 Qxf6 7.e3 Nd7 8.Bd3 dxc4
9.Bxc4 g6 10.O-O Bg7 11.b4 O-O 12.Rc1 Qe7 13.Qb3 b6 14.e4 Bb7 15.Rfe1 Rfd8
16.a4 Nf8 17.Rcd1 Rab8 18.b5 Rbc8 19.bxc6 Rxc6 20.Nd5 Qd7 21.Nb4 Rcc8 22.d5 Qe7
23.h3 Kh7 24.Nd3 Qc7 25.Rc1 exd5 26.exd5 Qd6 27.Nde5 Bxd5 28.Nxf7 Bxf7 29.Bxf7 Rxc1
30.Rxc1 Rd7 31.Bc4 Qf4 32.Re1 Rc7 33.Bb5 Rc1 34.Rxc1 Qxc1+ 35.Kh2 Qc7+ 36.g3 Qc3
37.Qf7 Qf6 38.Qd5 Qe6 39.Qb7 a5 40.Bc6 Qd6 41.Nh4 Ne6 42.Bd5 Nd8 43.Qa8 Bd4
44.Qa7+ Kh8 45.Be4 Bxf2 46.Nxg6+ Kg8 47.Nf4 Nf7 48.Bd5  1-0

[Event "Cap d'Agde-B"]
[Site "Cap d'Agde"]
[Date "1998.10.25"]
[Round "1"]
[White "Bacrot, Etienne"]
[Black "Mohamed, Esam Ahmed Nagib"]
[Result "1-0"]
[WhiteElo "2555"]
[BlackElo "2455"]

1.e4 c5 2.Nf3 d6 3.d4 cxd4 4.Nxd4 Nf6 5.Nc3 Nc6 6.Bg5 e6 7.Qd2 Be7 8.O-O-O O-O
9.f4 h6 10.Bh4 e5 11.Nf5 Bxf5 12.exf5 Rc8 13.Kb1 exf4 14.Qxf4 Qb6 15.Bf2 Qa5
16.g4 d5 17.Bg2 Rfd8 18.Be1 d4 19.Ne4 Nb4 20.Bxb4 Qxb4 21.Nxf6+ Bxf6 22.Qd2 Qb6
23.Be4 d3 24.cxd3 Rd4 25.Rc1 Rcd8 26.Qe2 a5 27.h4 Rb4 28.Rc2 a4 29.g5 Bd4
30.a3 Rb3 31.g6 Kf8 32.gxf7 Kxf7 33.Qg2 Kf8 34.f6 Bxf6 35.Rf1 Qd4 36.Rxf6+ gxf6
37.Qg6 Ke7 38.Bf5 Kd6 39.Qf7  1-0

[Event "Cap d'Agde-B"]
[Site "Cap d'Agde"]
[Date "1998.10.25"]
[Round "2"]
[White "Arencibia, Walter"]
[Black "Bacrot, Etienne"]
[Result "0-1"]
[WhiteElo "2550"]
[BlackElo "2555"]

1.d4 Nf6 2.c4 g6 3.f3 d5 4.cxd5 Nxd5 5.e4 Nb6 6.Nc3 Bg7 7.Be3 O-O 8.Qd2 e5
9.O-O-O exd4 10.Bxd4 Bxd4 11.Qxd4 Qxd4 12.Rxd4 c5 13.Rd1 Be6 14.Bd3 Nc6 15.Nge2 Rad8
16.Nf4 Kg7 17.Rhe1 g5 18.Nxe6+ fxe6 19.e5 h6 20.Ne4 c4 21.Bb1 Rxd1+ 22.Rxd1 Rf5
23.Nd6 Rxe5 24.Be4 Na5 25.Bxb7 Nxb7 26.Nxb7 Re2 27.Rd2 Re1+ 28.Kc2 Ra1 29.Nc5 Kf7
30.Re2 Rxa2 31.Kb1 Ra5 32.Nxe6 Rd5 33.Kc2 Na4 34.b3 cxb3+ 35.Kxb3 Nb6 36.f4 a5
37.fxg5 hxg5 38.Nc7 Rd3+ 39.Ka2 a4 40.Nb5 Nd5 41.Rf2+ Kg6 42.Ka1 a3 43.g3 Nb4
44.Rf1 Rd2 45.Nxa3 Ra2+ 46.Kb1 Rxa3 47.Kb2 Ra5 48.Kb3 Nd3 49.Kc3 Ne5 50.Rf2 g4
51.Kd4 Nf3+ 52.Ke3 Ra3+ 53.Kf4 Ra4+ 54.Ke3 Ng5 55.Rb2 Re4+ 56.Kd3 Re5 57.Rf2 Nf3
58.Ra2 Rh5 59.Ke3 Rxh2 60.Ra6+ Kf5 61.Ra8 Rh6 62.Rf8+ Rf6 63.Rg8 Re6+ 64.Kf2 Ng5
65.Ra8 Nh3+ 66.Kf1 Ng5 67.Kf2 Ne4+ 68.Kg2 Rc6 69.Rf8+ Nf6 70.Ra8 Rc2+ 71.Kg1 Ne4  0-1

[Event "Cap d'Agde-B"]
[Site "Cap d'Agde"]
[Date "1998.10.26"]
[Round "5"]
[White "Bacrot, Etienne"]
[Black "Morovic Fernandez, Ivan"]
[Result "1-0"]
[WhiteElo "2555"]
[BlackElo "2605"]

1.d4 d5 2.c4 c6 3.Nc3 Nf6 4.Nf3 dxc4 5.a4 Bf5 6.Ne5 Nbd7 7.Nxc4 Qc7 8.g3 e5
9.dxe5 Nxe5 10.Bf4 Nfd7 11.Bg2 f6 12.O-O Nc5 13.Ne3 Bg6 14.b4 Rd8 15.Ned5 cxd5
16.bxc5 Bxc5 17.Nxd5 Qb8 18.Qb3 Bd6 19.Rfd1 Bf7 20.Qb5+ Kf8 21.Rab1 b6 22.Be3 Qc8
23.Rbc1 Qb8 24.a5 Ng4 25.Bf4 Bxf4 26.gxf4 g5 27.h3 Bxd5 28.Rxd5 Rxd5 29.Qxd5 Qxf4
30.Rc8+ Kg7 31.Qd7+ Kh6 32.hxg4 Rxc8 33.Qxc8 bxa5 34.Bf3 a4 35.Qf8+ Kg6 36.Qe8+ Kg7
37.Qe7+ Kh6 38.Kg2 a5 39.e3 Qe5 40.Qxe5 fxe5 41.Bd5 Kg6 42.Kf3  1-0